|
|
|
|
| LEADER |
00000naa2a2200000 4500 |
| 001 |
49703 |
| 005 |
20240723132650.0 |
| 035 |
|
|
|a (RuTPU)RU\TPU\book\52031
|
| 035 |
|
|
|a RU\TPU\tpu\10130
|
| 090 |
|
|
|a 49703
|
| 100 |
|
|
|a 20030403d1998 k y0rusy50 ca
|
| 101 |
0 |
|
|a rus
|
| 102 |
|
|
|a RU
|
| 200 |
1 |
|
|a Электроимпульсная обработка пропан-бутановой фракции
|f И. В. Гончаров [и др.]
|g науч. рук. И. В. Гончаров, А. В. Кравцов
|
| 461 |
|
1 |
|0 (RuTPU)RU\TPU\book\8224
|t Проблемы геологии и освоения недр
|o материалы докладов Второй Международной научной конференции студентов, аспирантов и молодых ученых им. академика М. А. Усова
|f Томский политехнический университет ; под ред. Б. Д. Васильева
|d 1998
|
| 463 |
|
1 |
|0 (RuTPU)RU\TPU\book\222117
|t Ч. 2
|v С. 29-30
|d 1998
|p 176 с.
|
| 610 |
1 |
|
|a труды учёных ТПУ
|
| 675 |
|
|
|a 55(063)
|v 3
|
| 701 |
|
1 |
|a Гончаров
|b И. В.
|c геолог
|c профессор Томского политехнического университета, доктор геолого-минералогических наук
|f 1947-
|g Иван Васильевич
|3 (RuTPU)RU\TPU\pers\21956
|4 070
|9 9275
|
| 701 |
|
1 |
|a Кравцов
|b А. В.
|c химик-технолог
|c профессор-консультант Томского политехнического университета, доктор технических наук
|f 1938-
|g Анатолий Васильевич
|3 (RuTPU)RU\TPU\pers\19827
|4 070
|
| 701 |
|
1 |
|a Поляков
|b Н. П.
|4 070
|
| 701 |
|
1 |
|a Терещенко
|b В. А.
|c российский учёный в области химических технологий
|c ведущий специалист Томского политехнического университета
|g Василий Анатольевич
|3 (RuTPU)RU\TPU\pers\26573
|4 070
|
| 701 |
|
1 |
|a Яворовский
|b Н. А.
|c российский электрофизик
|c заведующий отделом научно-исследовательского института высоких напряжений Томского политехнического университета
|c кандидат технических наук
|f 1941-
|g Николай Александрович
|3 (RuTPU)RU\TPU\pers\25600
|4 070
|
| 702 |
|
1 |
|a Гончаров
|b И. В.
|c геолог
|c профессор Томского политехнического университета, доктор геолого-минералогических наук
|f 1947-
|g Иван Васильевич
|4 727
|9 9275
|
| 702 |
|
1 |
|a Кравцов
|b А. В.
|c химик-технолог
|c профессор Томского политехнического университета, кандидат технических наук
|f 1938-
|g Анатолий Васильевич
|4 727
|
| 801 |
|
1 |
|a RU
|b 63413507
|c 20021104
|g PSBO
|
| 801 |
|
2 |
|a RU
|b 63413507
|c 20130201
|g PSBO
|
| 942 |
|
|
|c BK
|